| 000 | 00619nam a2200193 a 4500 | ||
|---|---|---|---|
| 001 | BRCA_1394 | ||
| 005 | 20190320203416.0 | ||
| 008 | 850822s1983 mx-a---##b---f000-0#spa-# | ||
| 020 | _a9681613503 | ||
| 050 | 4 |
_aHD2346 _b.G66 1983 |
|
| 100 | 1 |
_aGonzáles Angulo Aguirre, Jorge _94562 |
|
| 245 | 1 | 0 |
_aArtesanado y ciudad a finales del siglo XVIII _cJorge González Angulo Aguirre. |
| 260 |
_aMéxico _bFCE _c1983 |
||
| 300 |
_a248 p. _bil. _c17 cm. |
||
| 440 | 0 |
_aSEP/80 _n49 _94563 |
|
| 504 | _aIncluye referencias bibliográficas | ||
| 650 | 1 | 4 |
_aArtesanos _xHistoria _ySiglo XVIII _zMéxico (Ciudad) _94564 |
| 942 |
_2lcc _cB |
||
| 999 |
_c1256 _d1256 |
||